| 000 | 00000nam##2200000za#4500 |
| 001 | 9.675625 |
| 003 | CaOODSP |
| 005 | 20210624225344 |
| 007 | cr ||||||||||| |
| 008 | 150407|2005||||xxc|||||o f|0| 0 eng|d |
| 040 | |aCaOODSP|beng |
| 041 | |aeng |
| 041 | |afre |
| 043 | |an-cn--- |
| 086 | 1 |aX9-2/6-2005-PDF |
| 110 | 1 |aCanada. |bParliament. |bHouse of Commons. |
| 245 | 10|aAnnotated standing orders of the House of Commons |h[electronic resource] |
| 250 | |a2nd edition |
| 260 | |aOttawa - Ontario : |bHouse of Commons |c2005. |
| 300 | |a632p. |
| 590 | |a11-31-Supp|b2011-12-13 |
| 792 | |tRèglement annoté de la Chambre des Communes |efre|w(CaOODSP)9.675626 |
| 856 | 40|ahttp://publications.gc.ca|qPDF|s8360 KB|uhttps://publications.gc.ca/collections/collection_2007/parl/X9-2-6-2005.pdf |